[Event "Tournoi francophone 013"]
[Site "Skype"]
[Date "????.??.??"]
[Round "7.3"]
[White "Legueltel, Daniel"]
[Black "Trivedi, Viral"]
[Result "0-1"]
[WhiteElo "1753"]
[BlackElo "1230"]
[PlyCount "28"]

1. d4 e6 2. e4 d5 3. e5 c5 4. c3 Nc6 5. Nf3 Bd7 6. Nbd2 cxd4 7. cxd4 Nge7 8.
Bd3 Rc8 9. b3 Qa5 10. O-O Qc3 11. Qc2 Qxa1 12. Ba3 Nxd4 13. Rxa1 Nxc2 14. Bxc2
Rxc2 0-1

[Event "Tournoi francophone 013"]
[Site "Skype"]
[Date "????.??.??"]
[Round "7.4"]
[White "Megelas, Florent"]
[Black "Meyer, Eric"]
[Result "1-0"]
[WhiteElo "1539"]
[BlackElo "1675"]
[PlyCount "57"]

1. e4 c5 2. Nf3 d6 3. d4 cxd4 4. Nxd4 Nf6 5. Nc3 a6 6. Be2 e5 7. Nb3 Be6 8. O-O
Be7 9. f4 Nc6 10. Be3 b5 11. f5 Bc8 12. Kh1 Bb7 13. Bg5 b4 14. Bxf6 bxc3 15.
Bxe7 Nxe7 16. bxc3 Bxe4 17. Bf3 Bxf3 18. Qxf3 O-O 19. f6 Ng6 20. fxg7 Kxg7 21.
Nd2 f5 22. Rab1 d5 23. Rb7+ Kh8 24. Qh5 Ne7 25. Nf3 Qe8 26. Qxe8 Rfxe8 27. Nxe5
Rac8 28. Nf7+ Kg8 29. Nd6 1-0

[Event "Tournoi francophone 013"]
[Site "Skype"]
[Date "????.??.??"]
[Round "7.6"]
[White "Briere, Jean"]
[Black "Elias, Roberto"]
[Result "0-1"]
[WhiteElo "1435"]
[BlackElo "1782"]
[PlyCount "46"]

1. e4 c5 2. Nf3 Nc6 3. Nc3 e6 4. d4 d5 5. exd5 exd5 6. Bb5 Nf6 7. Qe2+ Be7 8.
dxc5 O-O 9. Be3 Bg4 10. h3 Bh5 11. g4 Bg6 12. Bd3 d4 13. O-O-O Bxc5 14. Bxg6
hxg6 15. Qc4 Bb6 16. Bxd4 Nxd4 17. Nxd4 Rc8 18. Qd3 Nd5 19. Nxd5 Qxd5 20. b3
Rfd8 21. Qf3 Bxd4 22. Qxd5 Rxd5 23. f3 Be3+ 0-1

[Event "Tournoi francophone 013"]
[Site "Skype"]
[Date "????.??.??"]
[Round "7.7"]
[White "Couto, Januario"]
[Black "Lambert, Pierre"]
[Result "0-1"]
[WhiteElo "1387"]
[BlackElo "1647"]
[PlyCount "96"]

1. e4 e5 2. Nf3 Nc6 3. Bc4 Nf6 4. Ng5 d5 5. exd5 Na5 6. Bb5+ c6 7. dxc6 bxc6 8.
Be2 h6 9. Nf3 e4 10. Ne5 Qd4 11. Ng4 Nxg4 12. Bxg4 Bc5 13. O-O O-O 14. Bxc8
Raxc8 15. c3 Qd3 16. b4 Rb8 17. Na3 Bxb4 18. cxb4 Rxb4 19. Qc2 Rd8 20. Qxd3
Rxd3 21. Rb1 c5 22. Rxb4 cxb4 23. Nc2 b3 24. axb3 Nxb3 25. Rd1 a5 26. Ne3 a4
27. Nc4 Rd4 28. Na3 Nxc1 29. Rxc1 Rxd2 30. Kf1 Ra2 31. Nc4 a3 32. Rc3 Ra1+ 33.
Ke2 a2 34. Ra3 Rc1 35. Rxa2 Rxc4 36. Ke3 f5 37. Ra5 g6 38. h3 Kg7 39. Ra6 h5
40. h4 Rc7 41. Kf4 Rc2 42. Ke3 Kf7 43. g3 Rb2 44. Ra7+ Kf6 45. Ra6+ Kg7 46. Kf4
Rxf2+ 47. Ke3 Rf3+ 48. Ke2 Rxg3 0-1

[Event "Tournoi francophone 013"]
[Site "Skype"]
[Date "????.??.??"]
[Round "7.8"]
[White "De Coninck, Philippe"]
[Black "Hurtado De Mendoza, Ramon Miguel"]
[Result "0-1"]
[WhiteElo "1173"]
[BlackElo "1549"]
[PlyCount "66"]

1. d4 Nf6 2. Bf4 b6 3. e3 Bb7 4. Nf3 e6 5. Bd3 c5 6. c3 Be7 7. Bg3 Nc6 8. Nbd2
d5 9. Ne5 O-O 10. f4 Nd7 11. O-O f5 12. Ndf3 Nf6 13. Ng5 Qd6 14. Bh4 g6 15. Qf3
Ne4 16. Bxe4 dxe4 17. Qh3 cxd4 18. cxd4 Kg7 19. Rad1 h6 20. Ngf7 Rxf7 21. Nxf7
Kxf7 22. Bxe7 Nxe7 23. Qxh6 Rg8 24. h4 Nd5 25. Kf2 Nf6 26. Qg5 Rh8 27. Rh1 Ng4+
28. Ke2 Ba6+ 29. Kd2 Rh5 30. Qxh5 gxh5 31. Rhg1 Qb4+ 32. Kc1 Nxe3 33. Rd2 Bd3
0-1

[Event "Tournoi francophone 013"]
[Site "Skype"]
[Date "????.??.??"]
[Round "7.9"]
[White "Le Brun, Yves"]
[Black "Leyton Calderon, Jairo Oswaldo"]
[Result "0-1"]
[WhiteElo "1338"]
[BlackElo "1526"]
[PlyCount "48"]

1. d4 Nf6 2. Bf4 g6 3. Nd2 Bg7 4. e4 d6 5. Bd3 O-O 6. Ngf3 Nbd7 7. O-O c5 8. c3
b5 9. Rc1 c4 10. Bb1 Bb7 11. Qe2 Qb6 12. h3 Rfc8 13. d5 a5 14. Be3 Nc5 15. Rfd1
Qc7 16. Nd4 Ba6 17. N2f3 Nfd7 18. Qd2 Nf6 19. Bh6 Ncxe4 20. Qe3 Nc5 21. Bxg7
Kxg7 22. Nc6 e5 23. Nfxe5 Nxd5 24. Rd4 Nxe3 0-1

[Event "Tournoi francophone 013"]
[Site "Skype"]
[Date "????.??.??"]
[Round "7.10"]
[White "Scata, Laura"]
[Black "Violette, Didier"]
[Result "0-1"]
[WhiteElo "1366"]
[BlackElo "1520"]
[PlyCount "68"]

1. d4 Nf6 2. Bf4 g6 3. e3 Bg7 4. Nf3 d6 5. c4 O-O 6. Nc3 Re8 7. Qd2 Nbd7 8. Be2
Nh5 9. Bg3 e5 10. dxe5 Nxg3 11. hxg3 Nxe5 12. Nxe5 Bxe5 13. O-O-O Be6 14. e4 c6
15. Qh6 Qf6 16. Qxh7+ Kf8 17. Qh6+ Ke7 18. Qh4 g5 19. Qh6 Bxc3 20. Qxf6+ Bxf6
21. f4 Rh8 22. f5 Bd7 23. Bh5 c5 24. g4 Rab8 25. b3 b5 26. cxb5 Rxb5 27. Kd2
Bc6 28. Rhe1 Rb4 29. Kd3 Bb5+ 30. Kd2 Be5 31. Ke3 Rc8 32. Rc1 Bf4+ 33. Kf3 Bxc1
34. Rxc1 Rd4 0-1

[Event "Tournoi francophone 013"]
[Site "Skype"]
[Date "????.??.??"]
[Round "7.11"]
[White "Ortiz, Vladimir"]
[Black "Moumtaz, Abderrahim"]
[Result "1-0"]
[WhiteElo "1419"]
[BlackElo "1226"]
[PlyCount "113"]

1. e4 e5 2. Bc4 Nf6 3. d3 Nc6 4. Bd2 Be7 5. Nf3 O-O 6. a3 d6 7. h3 Na5 8. Bxa5
b6 9. Bd2 c6 10. Nc3 d5 11. exd5 cxd5 12. Bb3 Bd6 13. Be3 d4 14. Bxd4 exd4 15.
Nb5 Be7 16. Nbxd4 Bd7 17. O-O Bc5 18. Ne2 b5 19. c3 Qc8 20. d4 Bb6 21. Nf4 Re8
22. Nd5 Nxd5 23. Bxd5 Rb8 24. Re1 Rxe1+ 25. Qxe1 Qd8 26. Qe4 Qe8 27. Re1 Qxe4
28. Rxe4 Bd8 29. Ne5 Bf5 30. Rf4 Be6 31. Bxe6 fxe6 32. Nc6 Ra8 33. Nxd8 Rxd8
34. Kf1 Rf8 35. Rxf8+ Kxf8 36. Ke2 Ke7 37. Ke3 Kd6 38. f4 Kd5 39. Kd3 g6 40. g4
h6 41. h4 a6 42. b3 a5 43. c4+ bxc4+ 44. bxc4+ Kd6 45. Ke4 a4 46. c5+ Kc6 47.
Ke5 Kd7 48. d5 exd5 49. Kxd5 Kc7 50. f5 gxf5 51. gxf5 Kd7 52. f6 Ke8 53. c6 Kd8
54. Kd6 Ke8 55. c7 Kf7 56. Ke5 h5 57. c8=Q 1-0

[Event "Tournoi francophone 013"]
[Site "Skype"]
[Date "????.??.??"]
[Round "7.12"]
[White "Duthoit, Bernard"]
[Black "Le Bouill, Pierre"]
[Result "1-0"]
[WhiteElo "1379"]
[BlackElo "1252"]
[PlyCount "27"]

1. e4 e5 2. Nf3 Nf6 3. Nc3 Bb4 4. d3 Bxc3+ 5. bxc3 d6 6. Bg5 h6 7. Bh4 Nc6 8.
Rb1 b6 9. d4 exd4 10. cxd4 Bg4 11. Bb5 Qd7 12. d5 Nxe4 13. Rb3 g5 14. Bxc6 1-0

[Event "Tournoi francophone 013"]
[Site "Skype"]
[Date "????.??.??"]
[Round "7.13"]
[White "Gerbaux, Regis"]
[Black "Gharbi, Said"]
[Result "1-0"]
[WhiteElo "1073"]
[BlackElo "1456"]
[PlyCount "25"]

1. d4 d5 2. Nf3 Nc6 3. Bf4 Bg4 4. e3 Nf6 5. Nbd2 e5 6. dxe5 Ne4 7. Be2 Bc5 8.
O-O g5 9. Nxe4 dxe4 10. Nxg5 Bxe2 11. Qxe2 Nxe5 12. Bxe5 Qxg5 13. Bxh8 1-0

[Event "Tournoi francophone 013"]
[Site "Skype"]
[Date "????.??.??"]
[Round "7.14"]
[White "Farfallini, Michel"]
[Black "Tamditi, Ibrahim"]
[Result "1-0"]
[WhiteElo "1446"]
[BlackElo "1315"]
[PlyCount "69"]

1. e4 g6 2. d4 Bg7 3. Nf3 d6 4. Be2 Nf6 5. Nc3 b6 6. O-O Bb7 7. Bc4 Bxe4 8.
Nxe4 Nxe4 9. Re1 d5 10. c3 Nxf2 11. Qa4+ Nd7 12. Bxd5 Nd3 13. Ng5 O-O 14. Nxf7
Rxf7 15. Bxf7+ Kxf7 16. Qc4+ Ke8 17. Qxd3 Ne5 18. Qe4 Nf7 19. Bf4 Rc8 20. Rad1
Bf6 21. Qc6+ Kf8 22. Qe4 Qd7 23. Qe6 Qe8 24. Qh3 h5 25. Qd3 Nd8 26. Be5 Bh4 27.
Re4 Bg5 28. h4 Bh6 29. Bf6 Nc6 30. Rf1 Kg8 31. Qc4+ Kh7 32. Bg5 Bg7 33. Rf7 Kh8
34. Bxe7 Bf8 35. Rxf8+ 1-0

[Event "Tournoi francophone 013"]
[Site "Skype"]
[Date "????.??.??"]
[Round "7.16"]
[White "Amato, Ludovica"]
[Black "L'Herbon De Lussats, Jean"]
[Result "1-0"]
[WhiteElo "1346"]
[BlackElo "1272"]
[PlyCount "87"]

1. e4 c5 2. Nf3 d6 3. d4 cxd4 4. Nxd4 e5 5. Nf3 Nf6 6. Nc3 Bg4 7. Be2 Nbd7 8.
h3 Be6 9. Ng5 Nc5 10. Be3 Qa5 11. Nxe6 Nxe6 12. O-O Be7 13. Nb5 Nxe4 14. Nxa7
Nd4 15. Bxd4 exd4 16. Qxd4 Nf6 17. Nb5 d5 18. Nc3 O-O 19. Bf3 Rfd8 20. a3 Rd7
21. Rad1 Rad8 22. Rd3 Bc5 23. Qa4 Qb6 24. Qb5 Qa7 25. Rfd1 Bxf2+ 26. Kf1 d4 27.
Ne2 Be3 28. c3 dxc3 29. Rxd7 Rxd7 30. Rxd7 Nxd7 31. Qxd7 g6 32. Qc8+ Kg7 33.
Qxc3+ f6 34. Qc7+ Kh6 35. Qxb7 Qc5 36. Qc6 Qe5 37. Nc3 Bd2 38. Ne4 Qxb2 39.
Nxd2 Qxd2 40. Qxf6 Qd3+ 41. Kf2 Qxa3 42. h4 Qa7+ 43. Kg3 Qg7 44. Qg5# 1-0

[Event "Tournoi francophone 013"]
[Site "Skype"]
[Date "????.??.??"]
[Round "7.17"]
[White "Malbec, Robert"]
[Black "Pouteau, Pascal"]
[Result "0-1"]
[WhiteElo "1214"]
[BlackElo "1345"]
[PlyCount "62"]

1. e4 d5 2. exd5 Qxd5 3. Nc3 Qd8 4. d4 c6 5. Nf3 Nf6 6. Bc4 Bg4 7. h3 Bh5 8.
Bg5 e6 9. Bxf6 Qxf6 10. Be2 Nd7 11. Ne4 Qf4 12. Nc3 Bd6 13. g3 Qf6 14. Ne4 Qe7
15. Nxd6+ Qxd6 16. c3 Nf6 17. Ne5 Qd5 18. O-O Bg6 19. c4 Qd8 20. Nxg6 hxg6 21.
Qd3 Rxh3 22. Kg2 Rh6 23. Rh1 Nh5 24. Qe3 Qf6 25. Rad1 O-O-O 26. Rh4 Rdh8 27.
Rdh1 Qe7 28. g4 Nf4+ 29. Kg3 Rxh4 30. Rxh4 Nxe2+ 31. Qxe2 Qxh4+ 0-1

[Event "Tournoi francophone 013"]
[Site "Skype"]
[Date "????.??.??"]
[Round "7.18"]
[White "Ambrosino, Theo"]
[Black "Rodriguez, Nathalie"]
[Result "1-0"]
[WhiteElo "1339"]
[BlackElo "1266"]
[PlyCount "43"]

1. c4 c5 2. Nc3 e5 3. Nf3 Nc6 4. e4 d6 5. d3 Nf6 6. g3 h6 7. Bg2 Be7 8. O-O O-O
9. b3 Bg4 10. Bb2 Nd4 11. h3 Bxf3 12. Bxf3 Nxf3+ 13. Qxf3 Qb6 14. Qe2 Rac8 15.
f4 exf4 16. Rxf4 Rcd8 17. Raf1 Qc7 18. Rxf6 Bxf6 19. Rxf6 gxf6 20. Qg4+ Kh7 21.
Nd5 Qd7 22. Nxf6+ 1-0

[Event "Tournoi francophone 013"]
[Site "Skype"]
[Date "????.??.??"]
[Round "7.19"]
[White "Bucherie, Volcy"]
[Black "Douichi, Mohammed"]
[Result "1-0"]
[WhiteElo "1336"]
[BlackElo "1203"]
[PlyCount "79"]

1. d4 Nf6 2. d5 d6 3. Nf3 Bf5 4. c4 Na6 5. Nc3 Nc5 6. Nd4 Nfe4 7. Nxf5 Nxc3 8.
bxc3 e6 9. dxe6 Nxe6 10. e4 Qf6 11. Bb2 O-O-O 12. Be2 Nc5 13. Bf3 Qe6 14. Nd4
Qxc4 15. Qe2 Nd3+ 16. Kd1 Nxb2+ 17. Qxb2 Qd3+ 18. Ke1 c5 19. e5 Qa6 20. Rb1 b6
21. Nb5 dxe5 22. c4 Qa5+ 23. Ke2 e4 24. Bxe4 Re8 25. Kf3 f6 26. Rhd1 Be7 27.
Nd6+ Bxd6 28. Rxd6 Kc7 29. Rc6+ Kd7 30. Rd1+ Ke7 31. Rc7+ Ke6 32. Bd5+ Kd6 33.
Rxg7 Re5 34. Kf4 h5 35. Bg8+ Kc6 36. Bd5+ Kd6 37. Bb7+ Ke6 38. Rd5 Rxd5 39.
Bxd5+ Kd6 40. Qxf6# 1-0

[Event "Tournoi francophone 013"]
[Site "Skype"]
[Date "????.??.??"]
[Round "7.20"]
[White "Martin, Jean-Claude"]
[Black "Abate, Luigi"]
[Result "1-0"]
[WhiteElo "1315"]
[BlackElo "1189"]
[PlyCount "43"]

1. d4 Nf6 2. c4 d6 3. Nc3 Nc6 4. e4 e5 5. dxe5 Nxe5 6. Bg5 Be7 7. Nf3 c6 8.
Nxe5 dxe5 9. Qxd8+ Bxd8 10. Bd3 O-O 11. O-O Be6 12. h3 h6 13. Bh4 Ba5 14. Bxf6
gxf6 15. Rac1 Rad8 16. Rfd1 Rfe8 17. a3 Rd5 18. cxd5 cxd5 19. exd5 Bd7 20. b4
Bb6 21. a4 Bxa4 22. Nxa4 1-0

[Event "Tournoi francophone 013"]
[Site "Skype"]
[Date "????.??.??"]
[Round "7.21"]
[White "Vincent, Andre"]
[Black "Montilla Bejarano, Carmen"]
[Result "1/2-1/2"]
[WhiteElo "1377"]
[BlackElo "1073"]
[PlyCount "90"]

1. e4 e5 2. Nf3 Nc6 3. Nc3 Nf6 4. Bc4 Be7 5. O-O d6 6. d4 Bg4 7. Be3 exd4 8.
Bxd4 Bxf3 9. gxf3 Nxd4 10. Qxd4 O-O 11. Nd5 c5 12. Qd3 Nxd5 13. Qxd5 Rb8 14. a4
a5 15. Rad1 Bf6 16. c3 Be5 17. f4 Bxf4 18. Qh5 g6 19. Qg4 Qf6 20. Kh1 h5 21.
Qh3 Rbe8 22. f3 Re5 23. Rd5 Rfe8 24. Rfd1 Kg7 25. Rxd6 Qg5 26. Rg1 Qh6 27. Rd7
R8e7 28. Rgd1 Be3 29. Rxe7 Rxe7 30. Bd5 Qg5 31. Qg3 Qxg3 32. hxg3 Rd7 33. Rd3
Bh6 34. c4 f6 35. Rb3 f5 36. exf5 gxf5 37. f4 Kf6 38. Rb5 Rg7 39. Kh2 Re7 40.
Bxb7 Re2+ 41. Kh3 Re1 42. Rxc5 Re3 43. Rc6+ Kg7 44. Rc7+ Kg6 45. Kg2 Rb3
1/2-1/2

[Event "Tournoi francophone 013"]
[Site "Skype"]
[Date "????.??.??"]
[Round "7.22"]
[White "Hargez, Dany"]
[Black "Maccaferri, Massimo"]
[Result "1-0"]
[WhiteElo "1296"]
[BlackElo "1074"]
[PlyCount "41"]

1. e4 e5 2. d4 exd4 3. Nf3 Nc6 4. Bb5 Bc5 5. Bxc6 dxc6 6. O-O Bg4 7. Qd3 Nf6 8.
Bg5 Qe7 9. e5 Nh5 10. Bxe7 Kxe7 11. Nbd2 Nf4 12. Qe4 g5 13. Nxg5 Rhg8 14. Qxf4
Be6 15. Qf6+ Kd7 16. Nxe6 fxe6 17. Qf7+ Be7 18. Ne4 Raf8 19. Nf6+ Kd8 20. Qxg8
Rxg8 21. Nxg8 1-0

[Event "Tournoi francophone 013"]
[Site "Skype"]
[Date "????.??.??"]
[Round "7.23"]
[White "Sauvaget, Joel"]
[Black "Fernandez, Raquel"]
[Result "1/2-1/2"]
[WhiteElo "1290"]
[BlackElo "1043"]
[PlyCount "47"]

1. d4 d5 2. c4 Nf6 3. e3 Bd7 4. Nc3 e6 5. Nf3 Nc6 6. Bd3 g6 7. O-O Bg7 8. Re1
O-O 9. cxd5 exd5 10. h3 Re8 11. Rb1 Nb4 12. b3 Nxd3 13. Qxd3 a6 14. Bb2 Bf5 15.
Qd1 Bxb1 16. Qxb1 c6 17. Qa1 Ne4 18. Ne2 Qd6 19. Qc1 b5 20. Rd1 Bf6 21. Nc3 b4
22. Na4 Rab8 23. Nc5 a5 24. Nd3 1/2-1/2

[Event "Tournoi francophone 013"]
[Site "Skype"]
[Date "????.??.??"]
[Round "7.24"]
[White "Guillaume, Mickael"]
[Black "Fouquereau, Andre"]
[Result "1-0"]
[WhiteElo "1106"]
[BlackElo "1433"]
[PlyCount "37"]

1. d4 d5 2. c4 Nf6 3. Nc3 Bf5 4. e3 Nc6 5. Bd3 Bxd3 6. Qxd3 g6 7. Nf3 dxc4 8.
Qxc4 Bg7 9. e4 e6 10. e5 Na5 11. Qa4+ c6 12. exf6 Bxf6 13. Bd2 O-O 14. Ne4 Bg7
15. Bxa5 Qd5 16. Nc3 Qd7 17. O-O b6 18. Bb4 c5 19. Qxd7 1-0

[Event "Tournoi francophone 013"]
[Site "Skype"]
[Date "????.??.??"]
[Round "7.25"]
[White "Ruiz Aguilera, Juan Jesus"]
[Black "Gadow, Martin"]
[Result "1/2-1/2"]
[WhiteElo "1083"]
[BlackElo "1521"]
[PlyCount "115"]

1. e4 c5 2. Bc4 e6 3. d4 cxd4 4. Qxd4 Qc7 5. Qd1 Nc6 6. Be3 a6 7. a4 Nf6 8. Nc3
Bb4 9. Nge2 O-O 10. O-O b6 11. Bf4 e5 12. Bg3 Ne7 13. Nd5 Nexd5 14. Bxd5 Bb7
15. Bxb7 Qxb7 16. Bxe5 Nxe4 17. Ng3 Nxg3 18. Bxg3 Qc6 19. Be5 Rfe8 20. Qg4 Bf8
21. Bc3 Re6 22. f3 Rg6 23. Qe4 d5 24. Qd4 Bc5 25. Rfd1 Bxd4+ 26. Rxd4 b5 27.
axb5 axb5 28. Rad1 Qb6 29. Kf1 h6 30. Rxd5 Qf2+ 31. Kxf2 Ra4 32. Rxb5 Rh4 33.
h3 Rc4 34. Rd4 Rgc6 35. Rxc4 Rxc4 36. Rb4 Rc5 37. Ke3 h5 38. g4 h4 39. Kd4 Rc6
40. Rc4 Rd6+ 41. Kc5 Rg6 42. b4 Rg5+ 43. Kb6 f5 44. gxf5 Rxf5 45. Rxh4 Rxf3 46.
Be5 Re3 47. Bc7 Rc3 48. b5 Rxc2 49. Kb7 g5 50. Rg4 Rc5 51. b6 Kf7 52. Rxg5 Rxg5
53. Ka7 Ra5+ 54. Kb8 Ra3 55. b7 Rxh3 56. Kc8 Rb3 57. b8=Q Rxb8+ 58. Bxb8
1/2-1/2

[Event "Tournoi francophone 013"]
[Site "Skype"]
[Date "????.??.??"]
[Round "7.26"]
[White "Coude, Josue"]
[Black "Busto, Ricardo"]
[Result "0-1"]
[WhiteElo "1078"]
[BlackElo "1210"]
[PlyCount "42"]

1. e4 c5 2. Nf3 e6 3. d4 cxd4 4. Nxd4 a6 5. Bf4 Nf6 6. e5 Nd5 7. Bd2 Nc6 8. Nf3
Qc7 9. c4 Nde7 10. Qe2 Ng6 11. g3 Ngxe5 12. Bf4 Bd6 13. c5 Qa5+ 14. Qd2 Nxf3+
15. Ke2 Nxd2 16. Nxd2 Bxf4 17. gxf4 Qxc5 18. f3 O-O 19. Ne4 Nd4+ 20. Kf2 Qc2+
21. Ke3 Nf5# 0-1

[Event "Tournoi francophone 013"]
[Site "Skype"]
[Date "????.??.??"]
[Round "7.27"]
[White "Ramirez, Luis Antonio"]
[Black "Rivalta, Paolo"]
[Result "0-1"]
[WhiteElo "1075"]
[BlackElo "1101"]
[PlyCount "84"]

1. e4 e5 2. Qh5 Nc6 3. Bc4 g6 4. Qf3 Nf6 5. Nc3 Nd4 6. Qd3 Bg7 7. h3 O-O 8. Nf3
c6 9. Nxe5 d5 10. Qxd4 dxc4 11. Qxd8 Rxd8 12. Nxc4 b5 13. Ne5 b4 14. Nxc6 Re8
15. Nxb4 Nxe4 16. O-O Bb7 17. d3 Nxc3 18. bxc3 Bxc3 19. Rb1 Rab8 20. Bf4 Rbc8
21. Rbd1 Bxb4 22. Be3 a5 23. d4 Rxc2 24. Rd3 Rxa2 25. d5 Rd8 26. Rfd1 Bd6 27.
Rb3 Ba8 28. Bg5 Rc8 29. Rf3 a4 30. Bf4 Bc5 31. d6 Bxf3 32. gxf3 f6 33. d7 Rd8
34. Bc7 Rxf2 35. Bxd8 Rd2+ 36. Kf1 Rxd1+ 37. Ke2 Rxd7 38. Bxf6 a3 39. f4 a2 40.
h4 Bd4 41. Bxd4 Rxd4 42. Ke3 Rd8 0-1

[Event "Tournoi francophone 013"]
[Site "Skype"]
[Date "????.??.??"]
[Round "7.28"]
[White "Dib, Catherine"]
[Black "Dhenain, Sebastien"]
[Result "0-1"]
[WhiteElo "1070"]
[BlackElo "1086"]
[PlyCount "48"]

1. c4 c5 2. Nc3 Nc6 3. g3 Nf6 4. Bg2 e6 5. e4 Be7 6. Nge2 O-O 7. O-O h6 8. Re1
e5 9. d3 d6 10. a3 Ng4 11. Rb1 Bg5 12. h3 Bxc1 13. hxg4 Bg5 14. b4 Bxg4 15. b5
Nd4 16. a4 Nf3+ 17. Bxf3 Bxf3 18. Qc2 Qc8 19. Kh2 Qg4 20. Ng1 Qh5+ 21. Nh3 Bg4
22. Rh1 Qxh3+ 23. Kg1 Bd1 24. Rxh3 Bxc2 0-1

[Event "Tournoi francophone 013"]
[Site "Skype"]
[Date "????.??.??"]
[Round "7.29"]
[White "Trapletti, Cosetta"]
[Black "Tolaro, Filippa"]
[Result "0-1"]
[WhiteElo "1026"]
[BlackElo "1065"]
[PlyCount "80"]

1. d4 d5 2. e3 Nf6 3. Nf3 Bf5 4. c4 e6 5. Nc3 c6 6. Be2 Nbd7 7. O-O Bd6 8. c5
Be7 9. Nh4 Bg6 10. Bd3 Bxd3 11. Qxd3 b6 12. b4 Qc7 13. e4 Ng4 14. g3 dxe4 15.
Nxe4 Bxh4 16. Kg2 Ndf6 17. Bf4 e5 18. f3 exf4 19. fxg4 Nxg4 20. Nd6+ Kf8 21.
gxh4 h5 22. Qf5 Ne3+ 23. Kg1 Nxf5 24. Nxf5 Re8 25. Kg2 f6 26. Rae1 Rxe1 27.
Rxe1 g6 28. Nd6 Kg7 29. h3 a5 30. bxa5 bxc5 31. dxc5 Qxa5 32. Re2 f3+ 33. Kxf3
Qa3+ 34. Kf4 g5+ 35. hxg5 fxg5+ 36. Kxg5 Qxc5+ 37. Nf5+ Kf8 38. Kg6 Rg8+ 39.
Kxh5 Qxf5+ 40. Kh4 Qg5# 0-1

[Event "Tournoi francophone 013"]
[Site "Skype"]
[Date "????.??.??"]
[Round "7.30"]
[White "Porcabeuf, Jean-Marc"]
[Black "Milanese, Serge"]
[Result "0-1"]
[WhiteElo "1229"]
[BlackElo "1202"]
[PlyCount "86"]

1. d4 c6 2. Nf3 d5 3. Bf4 Nd7 4. e3 e6 5. a3 a6 6. c4 Ngf6 7. Nc3 Be7 8. cxd5
Nxd5 9. Nxd5 exd5 10. Bd3 Nf6 11. O-O Bd6 12. Bg3 O-O 13. Qc2 g6 14. Rfe1 Re8
15. Ne5 Bxe5 16. Bxe5 Ng4 17. Bg3 Nh6 18. e4 Bg4 19. e5 Bf5 20. Bxf5 Nxf5 21.
Rad1 Re6 22. Bf4 Qh4 23. g3 Qh3 24. Re3 Nxe3 25. Bxe3 Kg7 26. Bf4 Qh5 27. Re1
Rf8 28. Qd2 f6 29. Qa5 Rf7 30. Kg2 fxe5 31. dxe5 g5 32. Bxg5 Qxg5 33. Qc3 Rf5
34. f4 Rxf4 35. Kh1 Re4 36. Rxe4 dxe4 37. Qd4 Rxe5 38. Qd7+ Kg6 39. Qxb7 Qc1+
40. Kg2 Qc2+ 41. Kh1 e3 42. Qc7 Qe4+ 43. Kg1 e2 0-1

[Event "Tournoi francophone 013"]
[Site "Skype"]
[Date "????.??.??"]
[Round "7.31"]
[White "Schnell, Nicolas"]
[Black "Gagnon, Sindy"]
[Result "1-0"]
[WhiteElo "1099"]
[BlackElo "1043"]
[PlyCount "83"]

1. e4 e5 2. Nf3 d5 3. Nc3 d4 4. Bb5+ Nd7 5. Ne2 c6 6. Ba4 b5 7. Bb3 Nc5 8. c3
Nxe4 9. Bc2 Nc5 10. O-O Bd6 11. cxd4 exd4 12. Nexd4 Nf6 13. Re1+ Ne6 14. Ng5
O-O 15. Qe2 Nxg5 16. Qd3 g6 17. Nxc6 Qc7 18. Nd4 Bxh2+ 19. Kf1 Bb7 20. Bd1 Nd5
21. Nxb5 Qf4 22. f3 Nb4 23. Qd7 Bd5 24. d4 Rac8 25. Bxf4 Bxf4 26. Nd6 Rcd8 27.
Qe7 Nc6 28. Qf6 Bxd6 29. Qxg5 Be7 30. Qh6 Nxd4 31. f4 Nf5 32. Qh2 Bh4 33. Re3
Nxe3+ 34. Kg1 Rfe8 35. Qxh4 Rd6 36. Be2 Nxg2 37. Qg3 Rxe2 38. f5 Rb6 39. b3 Rc6
40. f6 Rcc2 41. Qb8+ Re8 42. Qxe8# 1-0

[Event "Tournoi francophone 013"]
[Site "Skype"]
[Date "????.??.??"]
[Round "7.32"]
[White "Hampton, Irene"]
[Black "Rodriguez Tovar, Liliana"]
[Result "0-1"]
[WhiteElo "1000"]
[BlackElo "1000"]
[PlyCount "88"]

1. d4 Nf6 2. e3 d5 3. Nf3 c5 4. c3 Nbd7 5. b3 e5 6. Bb2 b6 7. Nbd2 Bd6 8. Bd3
O-O 9. O-O h6 10. Qc2 e4 11. Be2 Bb7 12. Ne1 Qc7 13. g3 c4 14. b4 b5 15. Ng2 a5
16. Ba3 axb4 17. Bxb4 Bxb4 18. cxb4 c3 19. Nb3 Nb6 20. Rfc1 Na4 21. Bxb5 Rfc8
22. Nc5 Bc6 23. Bxa4 Bxa4 24. Nxa4 Qc6 25. Nxc3 Ra3 26. b5 Qxc3 27. Rab1 Qxc2
28. Rxc2 Rxc2 29. Ne1 Rcxa2 30. b6 Nd7 31. b7 Kh7 32. Kf1 f5 33. Rb5 Ra5 34.
Rc5 g5 35. Rc7 Kg6 36. Rxd7 Rb5 37. Kg2 Kh5 38. Kf1 Ra7 39. Rf7 Kg4 40. Rh7 f4
41. f3+ exf3 42. Kf2 Rb2+ 43. Kg1 f2+ 44. Kg2 fxe1=Q# 0-1